Coldplay-Hymn For The Weekend (Lyrics) - Statistics

General Stats
  • This quiz has been taken 537 times
    333 since last reset
  • The average score is 199 of 305
Answer Stats
Lyrics % Correct
A
98%
I
98%
Ah-Oh-Ah-Oh-Ah
93%
Oh-Ah-Oh-Ah-Oh-Ah
93%
Me,
92%
Me
92%
Oh,
90%
Oh
90%
(So)
89%
So
89%
And
83%
Drink
83%
Drink,
83%
You
81%
From
80%
When
80%
(High,)
79%
(High)
79%
High
79%
High,
79%
Feel
78%
Was
78%
Drunk
75%
The
74%
Up
73%
Feeling
72%
Above
70%
(Symphony)
69%
Symphony
69%
To
68%
My
67%
On
67%
Know
65%
Heavy
63%
Sky
61%
Light
60%
Make
60%
Thirsty
60%
World
59%
Your
58%
Across
57%
I'm
57%
Shoot
57%
(Shoot)
57%
Came
56%
Down,
56%
Sent
56%
Is
55%
We
55%
(We)
55%
Angels
54%
Got
54%
Lift
52%
Put
51%
Be
50%
Life
50%
Just
47%
Love's
47%
Loves
47%
Wings
47%
Drug
46%
Can't
45%
Low
44%
Now
44%
Get
43%
Hurt
43%
Hurt,
43%
Think
41%
Enough
40%
Miles
39%
Must
39%
Stars
35%
Blood
34%
La,
34%
La
34%
Out
34%
Rain
34%
Flood
33%
River,
33%
Dried
32%
That
31%
(That)
31%
Come
30%
Through
30%
About
25%
Coursing
24%
We're
16%
Lower,
6%
(Woo)
6%
(Woo-Ooo-Ooo-Woo)
6%
No matching quizzes found
Score Distribution
Percent of People with Each Score
Percentile by Number Answered
Your Score History
You have not taken this quiz since the last reset